| 000 | 01355cam a2200217 4500500 | ||
|---|---|---|---|
| 005 | 20260201071436.0 | ||
| 041 | _afre | ||
| 042 | _adc | ||
| 100 | 1 | 0 |
_aBensaïd, Sarah _eauthor |
| 245 | 0 | 0 | _aAvoir une position active dans son rétablissement, est-ce que ça aide ? |
| 260 | _c2016. | ||
| 500 | _a64 | ||
| 520 | _aDans cet écrit, Sarah Bensaïd nous décrit la façon dont elle a perçu l’importance de l’aspect actif qu’elle a pu avoir dans son propre rétablissement. Elle raconte la façon dont elle en est venue à la conclusion selon laquelle, au sein d’une alliance thérapeutique, un bon dosage d’écoute réciproque est idéal, l’acceptation d’un partage d’informations de la part des médecins devant aller de pair avec une attitude volontairement confiante venant de l’usager. Elle décrit comment, au fil de son parcours, elle a réussi à faire confiance, réalisant que dans l’objectif de son rétablissement, la notion de contrat était primordiale. | ||
| 690 | _aCommunication | ||
| 690 | _aInformation | ||
| 690 | _aPartenariat | ||
| 690 | _aPratique du soin | ||
| 690 | _aRétablissement | ||
| 786 | 0 | _nPratiques en santé mentale | 62e aée | 2 | 2016-06-27 | p. 15-18 | 1286-1286 | |
| 856 | 4 | 1 | _uhttps://shs.cairn.info/revue-pratique-en-sante-mentale-2016-2-page-15?lang=fr&redirect-ssocas=7080 |
| 999 |
_c1639820 _d1639820 |
||